| 000 | 01558cam a2200361 a 4500 | ||
|---|---|---|---|
| 001 | 15553711 | ||
| 003 | OSt | ||
| 005 | 20170105102902.0 | ||
| 008 | 081212s2009 enk b 001 0 eng | ||
| 010 | _a 2008051471 | ||
| 020 | _a9780415462402 (hbk.) | ||
| 020 | _a0415462401 (hbk.) | ||
| 020 | _a9780203876510 (ebook) | ||
| 020 | _a0203876512 (ebook) | ||
| 035 | _a(OCoLC)ocn283802653 | ||
| 040 |
_aDLC _cDLC _dBWK _dOCLCQ _dC#P _dCDX _dYDXCP _dDLC |
||
| 050 | 0 | 0 |
_aHV6431 _b.B574 2009 |
| 082 | 0 | 0 |
_a327.117 _222 _bBLA 2009 |
| 100 | 1 | _aBlakeley, Ruth. | |
| 245 | 1 | 0 |
_aState terrorism and neoliberalism : _bthe North in the South / _cRuth Blakeley. |
| 260 |
_aLondon ; _aNew York : _bRoutledge, _c2009. |
||
| 300 |
_axi, 206 p. ; _c24 cm. |
||
| 490 | 1 | _aCritical terrorism studies | |
| 504 | _aIncludes bibliographical references (p. [179]-199) and index. | ||
| 505 | 0 | _aIntroduction -- Conceptualising state terrorism -- Contextualising state terrorism: the North and its foreign policy objectives in the South -- Decolonisation, the Cold War and state terrorism -- The post-Cold War world, neoliberalism and state terrorism -- State terrorism after 9/11 -- Conclusion. | |
| 650 | 0 | _aState-sponsored terrorism. | |
| 650 | 0 | _aInternational relations. | |
| 650 | 0 | _aNeoliberalism. | |
| 830 | 0 | _aCritical terrorism studies. | |
| 906 |
_a7 _bcbc _corignew _d1 _eecip _f20 _gy-gencatlg |
||
| 942 |
_2ddc _cBK |
||
| 999 |
_c14702 _d14702 |
||